[Event "Druzynowe Mistrzostw Polski Juniorow - II Liga"]
[Site "Wroclaw"]
[Date "1899-12-30"]
[Round "8.50"]
[White "Borowik, Karol"]
[Black "Rainer, Piotr"]
[Result "0-1"]
[WhiteTitle "II"]
[BlackTitle "I"]
[WhiteElo "1412"]
[BlackElo "1709"]

1. d4 d5 2. c4 e6 3. Nc3 Nf6 4. cxd5 exd5 5. Bg5 Nbd7 6. e3 c6 7. Bd3 Bd6 8. Qc2
h6 9. Bh4 O-O 10. Nge2 b6 11. O-O Bb7 12. Rad1 c5 13. f3 a6 14. Qb1 b5 15. dxc5
Bxc5 16. Nd4 Qb6 17. Bf2 Rfe8 18. b4 Bxd4 19. exd4 Rec8 20. Qb3 Bc6 21. a4 Nf8
22. a5 Qb7 23. Rc1 Ne6 24. Bf5 Bd7 25. Bxe6 Bxe6 26. Bh4 Ne8 27. Bg3 Rc4 28. Ne2
Rac8 29. Be5 f6 30. Bg3 Qe7 31. Rxc4 dxc4 32. Qc3 Nc7 33. Bxc7 Qxc7 34. Rd1 Re8
35. Kf2 Qxh2 36. d5 Bh3 37. Rg1 Bxg2 38. Nf4 Bxf3+ 39. Kxf3 Qxg1 40. Ne6 Qh1+
41. Kf2 Qxd5 42. Nc7 Qf5+ 43. Qf3 Qxf3+ 44. Kxf3 Rc8 45. Nxa6 c3 46. Nc5 c2 47.
Nb3 c1=Q 0-1

[Event "Druzynowe Mistrzostw Polski Juniorow - II Liga"]
[Site "Wroclaw"]
[Date "1899-12-30"]
[Round "8.51"]
[White "Micula, Jakub"]
[Black "Bartnik, Michal"]
[Result "1/2-1/2"]
[WhiteTitle "I"]
[BlackTitle "II+"]
[WhiteElo "1623"]
[BlackElo "1591"]

1. e4 e6 2. d4 d5 3. Nd2 c5 4. Ngf3 Nc6 5. c3 Nf6 6. e5 Nd7 7. Bd3 Be7 8. O-O g5
9. c4 g4 10. Ne1 Nxd4 11. Qxg4 Nxe5 12. Qh5 Nxd3 13. Nxd3 O-O 14. Nf4 f5 15. cxd5
e5 16. Ng6 hxg6 17. Qxg6+ Kh8 18. Qh6+ Kg8 19. Qg6+ Kh8 20. Qh6+ Kg8 21. Qg6+
Kh8 22. Qh6+ Kg8 23. Qg6+ 1/2-1/2

[Event "Druzynowe Mistrzostw Polski Juniorow - II Liga"]
[Site "Wroclaw"]
[Date "1899-12-30"]
[Round "8.52"]
[White "Wawrukiewicz, Szymon"]
[Black "Kozak, Karol"]
[Result "1/2-1/2"]
[WhiteTitle "II"]
[BlackTitle "I"]
[WhiteElo "1307"]
[BlackElo "1490"]

1. e4 c5 2. Nf3 d6 3. d4 cxd4 4. Nxd4 Nf6 5. Nc3 a6 6. Bg5 Nbd7 7. Bc4 Qb6 8. Bb3
e6 9. Bxf6 Nxf6 10. Qd2 Bd7 11. O-O-O Be7 12. Kb1 O-O-O 13. Rhe1 Kb8 14. f4 Rhe8
15. f5 Bf8 16. h3 Rc8 17. g4 h6 18. Qd3 Ka8 19. Nf3 Rc7 20. Nd2 Rec8 21. Nc4 Qa7
22. Nxd6 Bxd6 23. Qxd6 exf5 24. exf5 Bc6 25. Bxf7 Rxf7 26. Qe6 Rfc7 27. Rd6 Qf2
28. Red1 Re8 29. Rd8+ Rxd8 30. Rxd8+ Ka7 31. a3 Qc5 32. Qb3 Rd7 33. Rc8 Qa5 34.
Qe6 Rd8 35. Rxd8 Qxd8 36. Qe3+ Kb8 37. Qe5+ Qc7 38. Qc5 Qd8 39. Qe5+ Ka8 40. Qe6
Qe8 41. Qd6 Qd7 42. Qc5 Kb8 43. Qe5+ Qc7 44. Qc5 b6 45. Qf8+ Kb7 46. Qb4 Nd5 47.
Nxd5 Bxd5 48. Qd4 Bc6 49. f6 gxf6 50. Qxf6 Qh7 51. Qc3 Be4 52. Qc4 Qg6 53. Qe2
a5 54. Qd2 Qe6 55. Qc3 Qg6 56. Qd2 h5 57. Qd7+ Ka6 58. Qc8+ Bb7 59. Qc4+ b5 60.
Qe2 hxg4 61. hxg4 Bc6 62. a4 Kb6 63. Qe3+ Ka6 64. axb5+ Bxb5 65. g5 a4 66. Qf4
Kb7 67. Qe3 Ka6 68. Qc5 Ka5 69. Qc3+ Ka6 70. Qc8+ Ka5 71. Qc3+ Ka6 72. Qc8+ Ka5
73. Qa8+ Kb4 74. Qc8 Ka5 75. Qc7+ Ka6 76. Qc5 Ka5 77. Ka1 Qe6 78. Qg1 Qg6 79.
c3 Ka6 80. Qc5 Qe6 81. Qg1 Qg6 82. Qg4 Ka5 83. Qb4+ Ka6 84. Qh4 Ka5 85. Qd4 Qxg5
86. Qa7+ Ba6 87. Qc7+ Kb5 88. c4+ Kb4 89. Qb6+ Kxc4 90. Qxa6+ Kb4 91. Qb6+ Qb5
92. Qd4+ Qc4 93. Qb6+ 1/2-1/2

[Event "Druzynowe Mistrzostw Polski Juniorow - II Liga"]
[Site "Wroclaw"]
[Date "1899-12-30"]
[Round "8.53"]
[White "Gaczol, Julia"]
[Black "Gladyszewska, Kinga"]
[Result "1/2-1/2"]
[WhiteTitle "I+"]
[BlackTitle "I"]
[WhiteElo "1490"]
[BlackElo "1225"]

1. e4 e5 2. Nf3 Nc6 3. d4 exd4 4. Nxd4 Bc5 5. Nb3 Bb6 6. Nc3 d6 7. Qe2 Nf6 8. Be3
Be6 9. O-O-O Qe7 10. f3 O-O-O 11. Bxb6 axb6 12. Nd4 Bd7 13. Qd2 Rhe8 14. Bb5 Qe5
15. Nxc6 Bxc6 16. Bc4 Rf8 17. g3 Qc5 18. Bb3 Rde8 19. Rhe1 h6 20. Ne2 Bd7 21.
Nf4 g5 22. Nd3 Qa5 23. c3 Be6 24. Qc2 g4 25. Bxe6+ Rxe6 26. b4 Qa3+ 27. Kb1 gxf3
28. Nf2 Qa6 29. Rd3 Rfe8 30. Rxf3 Qc4 31. Rfe3 h5 32. Qe2 Qxe2 33. R3xe2 Ng4 34.
Nd3 Nf6 35. Nf2 Ng4 1/2-1/2

[Event "Druzynowe Mistrzostw Polski Juniorow - II Liga"]
[Site "Wroclaw"]
[Date "1899-12-30"]
[Round "8.54"]
[White "Borowik, Monika"]
[Black "Nowak, Emilia"]
[Result "0-1"]
[WhiteTitle "I"]
[BlackTitle "I"]
[WhiteElo "1380"]
[BlackElo "1279"]

1. d4 d5 2. c4 e6 3. Nc3 c5 4. cxd5 exd5 5. Nf3 Nc6 6. Bf4 Nf6 7. e3 a6 8. Be2
Be7 9. O-O O-O 10. h3 Be6 11. Rc1 c4 12. Ne5 Bd6 13. Bg3 Qc7 14. f4 Ne7 15. Bf2
Nd7 16. g4 Bxe5 17. fxe5 f6 18. exf6 Nxf6 19. Bf3 Rad8 20. Bg2 Ng6 21. Qe1 Qd7
22. Bg3 Qe7 23. Qe2 Bf7 24. g5 Ne4 25. Nxe4 dxe4 26. h4 Qe6 27. Kh2 Qc6 28. h5
Ne7 29. Rf4 Qd5 30. Bh4 Qd6 31. Kh1 Bd5 32. Rcf1 Qe6 33. Qf2 Rxf4 34. Qxf4 Re8
35. Kh2 Qf7 36. Qg4 Be6 37. Rxf7 Bxg4 38. Rf4 Bxh5 39. Bxe4 Ng6 40. Bxg6 hxg6
41. e4 Be2 42. e5 b5 43. Rf2 Bd3 44. Rf3 Bf5 45. Kg3 Kf7 46. Ra3 Bc8 47. Kf4 Ke6
48. Bf2 Rf8+ 49. Kg3 Bb7 50. Rc3 Rf5 51. Rc2 Rxg5+ 52. Kf4 Rf5+ 53. Ke3 Bd5 54.
a3 g5 55. Be1 g4 56. Rf2 Bf3 57. Rh2 Bd5 58. Rf2 Rh5 59. Rf4 Rh3+ 60. Ke2 g3 61.
Rg4 Rh2+ 62. Ke3 g2 63. Bf2 Rh3+ 64. Kd2 Rd3+ 65. Ke1 Bf3 66. Bg1 Bxg4 0-1

[Event "Druzynowe Mistrzostw Polski Juniorow - II Liga"]
[Site "Wroclaw"]
[Date "1899-12-30"]
[Round "8.55"]
[White "Czechowski, Jakub"]
[Black "Bauer, Marika"]
[Result "1-0"]
[WhiteTitle "I++"]
[BlackTitle "II"]
[WhiteElo "2003"]
[BlackElo "1142"]

1. d4 d5 2. c4 e6 3. Nc3 Nf6 4. Bg5 Be7 5. e3 h6 6. Bh4 O-O 7. Rc1 Re8 8. Nf3 Nbd7
9. Bd3 dxc4 10. Bxc4 Nb6 11. Bb3 Nbd5 12. O-O b6 13. Qe2 Bb7 14. Rfd1 Nxc3 15.
bxc3 Ne4 16. Bxe7 Qxe7 17. Ne5 Qg5 18. f3 Nf6 19. Qf2 Nd5 20. Bxd5 Bxd5 21. c4
Bb7 22. c5 Red8 23. cxb6 axb6 24. Nxf7 Qe7 25. Nxd8 Qxd8 26. Qg3 Rc8 27. Qe5 Qd7
28. e4 c6 29. Rd2 b5 30. Rdc2 Kh7 31. d5 exd5 32. exd5 1-0

[Event "Druzynowe Mistrzostw Polski Juniorow - II Liga"]
[Site "Wroclaw"]
[Date "1899-12-30"]
[Round "8.56"]
[White "Kraczek, Cezary"]
[Black "Majdanski, Maksymilian"]
[Result "1/2-1/2"]
[WhiteTitle "I"]
[BlackTitle "I++"]
[WhiteElo "1657"]
[BlackElo "1886"]

1. Nf3 c5 2. g3 Nc6 3. d4 cxd4 4. Nxd4 g6 5. Nxc6 bxc6 6. Qd4 Nf6 7. Nc3 Bg7 8.
Bg2 O-O 9. Qh4 Rb8 10. O-O d5 11. Rd1 Qb6 12. Be3 Qc7 13. Qa4 a5 14. a3 Bf5 15.
Ra2 e5 16. Bc5 Rfc8 17. b4 d4 18. Nb1 Be6 19. Ra1 Nd7 20. Nd2 Ra8 21. Ne4 Bf8
22. Bxf8 Nb6 23. Bd6 Qd8 24. Qxa5 Rxa5 25. bxa5 Nc4 26. Bb4 Bd5 27. a6 h5 28.
h4 c5 29. Nxc5 Bxg2 30. Kxg2 Rxc5 31. Bxc5 Qd5+ 32. Kg1 Qxc5 33. Rab1 Qa7 34.
Rd3 Qxa6 35. c3 Nxa3 36. Ra1 Qd6 37. cxd4 Nc2 38. dxe5 Qxe5 39. Ra8+ Kg7 40. Rd2
Nd4 41. Raa2 Qe4 42. Rab2 g5 43. hxg5 h4 44. gxh4 Qg4+ 45. Kf1 Qxh4 46. Kg2 Qg4+
47. Kh1 Qh4+ 48. Kg1 Qg4+ 49. Kh1 Qh5+ 50. Kg1 Ne6 51. Rb3 Nf4 52. Rf3 Nxe2+ 53.
Rxe2 Qxf3 54. Re3 Qd1+ 55. Kg2 Kg6 56. Rg3 Kf5 57. Kh2 Kf4 58. Kg2 Qe2 59. Kg1
Qe1+ 60. Kg2 Qd1 61. g6 Qd5+ 62. Kg1 fxg6 63. Rxg6 Qd1+ 64. Kg2 Qd5+ 65. Kg1 Kf3
66. Rg3+ Ke2 67. Re3+ Kd2 68. Rg3 Qf5 69. Kg2 Qd5+ 70. Kg1 Qe4 71. Re3 Qb1+ 72.
Kg2 Qg6+ 73. Rg3 Qh5 74. Re3 Qd5+ 1/2-1/2

[Event "Druzynowe Mistrzostw Polski Juniorow - II Liga"]
[Site "Wroclaw"]
[Date "1899-12-30"]
[Round "8.57"]
[White "Ziobrowski, Wojciech"]
[Black "Rosc, Ignacy"]
[Result "0-1"]
[WhiteTitle "II"]
[BlackTitle "II+"]
[WhiteElo "1145"]
[BlackElo "1527"]

1. e4 c6 2. d4 d5 3. exd5 cxd5 4. c4 Nf6 5. Nc3 e6 6. Nf3 Bb4 7. Bg5 dxc4 8. Bxc4
Bxc3+ 9. bxc3 h6 10. Bh4 Qa5 11. Rc1 Nbd7 12. O-O O-O 13. Re1 b5 14. Bb3 Bb7 15.
Ne5 Rac8 16. Re3 Rc7 17. Rg3 Ne4 18. Rh3 Nxe5 19. dxe5 Nxc3 20. Rcxc3 Rxc3 21.
Qd2 Rfc8 22. Rxc3 Qxc3 23. Qxc3 Rxc3 24. h3 a5 25. Kh2 a4 26. Bd1 Bd5 27. Be2
Bc4 28. Bxc4 bxc4 29. Be7 Rc2 30. a3 Rxf2 31. Bb4 Re2 32. Bc3 Re3 33. Bb2 c3 0-1

[Event "Druzynowe Mistrzostw Polski Juniorow - II Liga"]
[Site "Wroclaw"]
[Date "1899-12-30"]
[Round "8.58"]
[White "Bauer, Maja"]
[Black "Kowalski, Aleksander"]
[Result "0-1"]
[WhiteTitle "I"]
[BlackTitle "II"]
[WhiteElo "1372"]
[BlackElo "1073"]

1. e4 e5 2. Nf3 Nc6 3. Bc4 Bc5 4. d3 Nf6 5. Nbd2 O-O 6. O-O d5 7. exd5 Nxd5 8.
Re1 Re8 9. Ne4 Bb6 10. Bg5 f6 11. Bxd5+ Qxd5 12. Bxf6 Rf8 13. Bg5 Bg4 14. c3 Bxf3
15. gxf3 Qe6 16. Be3 Qh3 17. Qb3+ Kh8 18. Ng5 Qf5 19. Qe6 Bxe3 20. Qxf5 Rxf5 21.
fxe3 Rxg5+ 22. Kf2 Rf8 23. e4 Rg6 24. Ke2 Rg2+ 25. Ke3 Rxb2 26. h4 Rc2 27. Rab1
b6 28. c4 Rxa2 29. h5 Nd4 30. Rf1 Re2# 0-1

[Event "Druzynowe Mistrzostw Polski Juniorow - II Liga"]
[Site "Wroclaw"]
[Date "1899-12-30"]
[Round "8.59"]
[White "Pietryk, Joanna"]
[Black "Fic, Joanna"]
[Result "1-0"]
[WhiteTitle "I"]
[BlackTitle "II+"]
[WhiteElo "1417"]
[BlackElo "1057"]

1. e4 c5 2. Nf3 d6 3. d4 cxd4 4. Nxd4 Nf6 5. Nc3 a6 6. Bg5 Nbd7 7. f4 Qc7 8. Qf3
b5 9. O-O-O Bb7 10. Bd3 O-O-O 11. Bxf6 Nxf6 12. Qe2 e5 13. fxe5 dxe5 14. Nf5 Kb8
15. a4 b4 16. Nd5 Nxd5 17. exd5 Rc8 18. d6 Bxd6 19. Nxd6 Qxd6 20. Bf5 Qh6+ 21.
Kb1 Rc7 22. Qxe5 Bc6 23. Rd6 f6 24. Qd4 a5 25. Qb6+ Bb7 26. Rhd1 Re8 27. Rd8+
Rc8 28. Bxc8 Rxd8 29. Qxb7# 1-0

[Event "Druzynowe Mistrzostw Polski Juniorow - II Liga"]
[Site "Wroclaw"]
[Date "1899-12-30"]
[Round "8.60"]
[White "Kucia, Kinga"]
[Black "Mataczyna, Aleksandra"]
[Result "0-1"]
[WhiteTitle "I"]
[BlackTitle "II+"]
[WhiteElo "1208"]
[BlackElo "1117"]

1. d4 d5 2. c4 e6 3. Nc3 Nf6 4. cxd5 exd5 5. Bg5 Nbd7 6. e3 c6 7. Qc2 Be7 8. Nf3
O-O 9. Bd3 Re8 10. O-O Nf8 11. h3 Ng6 12. Rab1 Ne4 13. Bxe7 Qxe7 14. b4 b5 15.
Ne2 Bb7 16. a4 a6 17. Rfc1 Nd6 18. Bxg6 hxg6 19. Ne5 Rac8 20. Nf4 Nc4 21. Nxc4
dxc4 22. Rd1 c5 23. d5 cxb4 24. d6 b3 25. Qxb3 cxb3 26. dxe7 bxa4 27. Rd7 Be4
28. Rb2 a3 29. Rxb3 a2 30. Rd1 Bc2 31. Rb2 Bb1 32. Rbxb1 axb1=Q 33. Rxb1 Rxe7
34. Ra1 Ra8 35. Nd5 Rb7 36. Nc3 a5 37. Na4 Rab8 38. Kh2 Rc8 39. Ra2 Rc4 40. Nb2
Rc2 0-1

[Event "Druzynowe Mistrzostw Polski Juniorow - II Liga"]
[Site "Wroclaw"]
[Date "1899-12-30"]
[Round "8.61"]
[White "Kaczmarek, Jan"]
[Black "Jaskiewicz, Kacper"]
[Result "1/2-1/2"]
[WhiteTitle "II+"]
[BlackTitle "I"]
[WhiteElo "1596"]
[BlackElo "1756"]

1. e4 c5 2. Nf3 d6 3. Bb5+ Bd7 4. Bxd7+ Nxd7 5. O-O g6 6. c3 Bg7 7. d4 cxd4 8.
cxd4 Ngf6 9. e5 dxe5 10. dxe5 Ng4 11. e6 fxe6 12. Ng5 Ndf6 13. Nxe6 Qxd1 14. Rxd1
Kf7 15. Nxg7 Kxg7 16. Re1 Nd5 17. h3 Ngf6 18. Nc3 Nxc3 19. bxc3 Kf7 20. Rb1 b6
21. Rb5 Rac8 22. Rbe5 Rhe8 23. Ba3 e6 24. R1e3 Rc6 25. Rf3 Rd8 26. Re2 h6 27.
c4 Rxc4 28. Bb2 e5 29. Rxe5 Rd6 30. Rfe3 Ng8 31. Ba3 1/2-1/2

[Event "Druzynowe Mistrzostw Polski Juniorow - II Liga"]
[Site "Wroclaw"]
[Date "1899-12-30"]
[Round "8.62"]
[White "Stepinski, Piotr"]
[Black "Gluszynski, Michal"]
[Result "1-0"]
[WhiteTitle "I"]
[BlackTitle "II"]
[WhiteElo "1568"]
[BlackElo "1513"]

1. e4 e6 2. d4 d5 3. Nd2 c5 4. exd5 Qxd5 5. Ngf3 cxd4 6. Bc4 Qd6 7. O-O Nf6 8.
Nb3 Nc6 9. Nbxd4 Nxd4 10. Qxd4 Qxd4 11. Nxd4 a6 12. a4 Be7 13. Be3 O-O 14. Rfd1
Bd7 15. Bb3 Rfd8 16. h3 Rac8 17. Kf1 Be8 18. c3 Nd5 19. Bxd5 Rxd5 20. Ke2 Ra5
21. f4 Rxa4 22. Rxa4 Bxa4 23. b3 Be8 24. c4 Kf8 25. g4 Bc5 26. Rd2 Ke7 27. Kf3
f6 28. Ke4 Bg6+ 29. f5 exf5+ 30. gxf5 Bf7 31. h4 b5 32. cxb5 axb5 33. Rc2 Kd7
34. Rd2 Re8+ 35. Ne6+ Kc6 36. Bxc5 Bxe6 37. fxe6 Kxc5 38. Kf5 Kc6 39. Rd7 Rg8
40. b4 g5 41. Kxf6 gxh4 42. Rxh7 Re8 43. Kf7 1-0

[Event "Druzynowe Mistrzostw Polski Juniorow - II Liga"]
[Site "Wroclaw"]
[Date "1899-12-30"]
[Round "8.63"]
[White "Skrzypinski, Jan"]
[Black "Gawlik, Olivier"]
[Result "1/2-1/2"]
[WhiteTitle "I"]
[BlackTitle "II+"]
[WhiteElo "1647"]
[BlackElo "1384"]

1. e4 c5 2. Nf3 e6 3. d4 cxd4 4. Nxd4 Nf6 5. Nc3 Nc6 6. Be3 Bb4 7. Nxc6 bxc6 8.
e5 Nd5 9. Bd2 Qc7 10. f4 d6 11. Nxd5 Bxd2+ 12. Qxd2 cxd5 13. exd6 Qxd6 14. c4
Bb7 15. Rc1 a5 16. c5 Qc7 17. c6 Ba6 18. a3 O-O 19. Rc5 Bxf1 20. Rxf1 Ra6 21.
Qc3 Rc8 22. Rf3 Rxc6 23. Rxc6 Qxc6 24. Qxc6 Rxc6 25. Rb3 Kf8 26. Rb5 Ra6 27. Kd2
Ra7 28. Kd3 Ke7 29. Kd4 Kd6 30. Rb8 Rc7 31. Kd3 Kc6 32. Rg8 f5 33. Re8 Kd6 34.
Ra8 Rb7 35. Ra6+ Ke7 36. Kc2 Rb5 37. a4 Rc5+ 38. Kd3 Kf6 39. b3 h6 40. g3 1/2-1/2

[Event "Druzynowe Mistrzostw Polski Juniorow - II Liga"]
[Site "Wroclaw"]
[Date "1899-12-30"]
[Round "8.64"]
[White "Haladaj, Adam"]
[Black "Stachowiak, Bruno"]
[Result "1-0"]
[WhiteTitle "II"]
[BlackTitle "II"]
[WhiteElo "1361"]
[BlackElo "1462"]

1. e4 d6 2. d4 Nf6 3. f3 g6 4. Be3 Bg7 5. Nc3 Nbd7 6. Qd2 e5 7. dxe5 Nxe5 8. O-O-O
a6 9. g4 Be6 10. Be2 Qd7 11. h3 Nc4 12. Bxc4 Bxc4 13. b3 Bb5 14. Nge2 Bxe2 15.
Nxe2 O-O-O 16. Bd4 Ne8 17. Bxg7 Nxg7 18. Qe3 Kb8 19. Nf4 f5 20. exf5 gxf5 21.
Qc3 fxg4 22. fxg4 Rhf8 23. Nd5 Ne6 24. Rhf1 c6 25. Nf6 Qg7 26. Rde1 Nc7 27. a4
Ka8 28. Kb2 Rf7 29. Ne4 Qxc3+ 30. Kxc3 Re7 31. Ng5 Rg7 32. Ne6 Nxe6 33. Rxe6 Kb8
34. Rf5 Kc7 35. Kd2 c5 36. g5 Rdg8 37. h4 b5 38. axb5 axb5 39. b4 Rg6 40. Re7+
Kc6 41. bxc5 dxc5 42. Rxh7 c4 43. Kc3 Rd6 44. Kb4 Rd1 45. Rh6+ Rd6 46. Rxd6+ Kxd6
47. Kxb5 c3 48. Kb4 Rh8 49. Rf4 Ke5 50. Rc4 Kd5 51. Kxc3 Rf8 52. Kb3 Rb8+ 53.
Rb4 Rg8 54. c3 Kc5 55. Rg4 Rb8+ 56. Kc2 Rh8 57. g6 Rf8 58. g7 Rg8 59. h5 Kd5 60.
h6 Ke6 1-0

[Event "Druzynowe Mistrzostw Polski Juniorow - II Liga"]
[Site "Wroclaw"]
[Date "1899-12-30"]
[Round "8.65"]
[White "Niemier, Martyna"]
[Black "Banasiak, Adrianna"]
[Result "0-1"]
[WhiteTitle "II+"]
[BlackTitle "I"]
[WhiteElo "1305"]
[BlackElo "1447"]

1. d4 Nf6 2. Bg5 Ne4 3. Bf4 d5 4. e3 c5 5. Nf3 Nc6 6. Nbd2 Bg4 7. Be2 e6 8. Nxe4
dxe4 9. Ne5 Bxe2 10. Kxe2 Nxe5 11. Bxe5 Qb6 12. b3 f6 13. Bg3 Rd8 14. c4 cxd4
15. exd4 Rxd4 16. Qc2 Bc5 17. Rad1 Qc6 18. Rxd4 Bxd4 19. Rd1 e5 20. f4 exf3+ 21.
gxf3 O-O 22. Bf2 Re8 23. Qe4 Qc8 24. Qd5+ Kh8 25. Rg1 Re7 26. Qe4 f5 27. Qh4 Bxf2
28. Kxf2 Qc5+ 29. Kg2 Rd7 30. Rf1 Rd2+ 31. Rf2 Rxf2+ 32. Qxf2 Qxf2+ 33. Kxf2 Kg8
34. Ke3 Kf7 35. a4 Ke6 36. b4 g5 37. h3 h5 38. a5 Kd6 39. Kd3 a6 40. b5 axb5 41.
cxb5 Kc5 42. a6 bxa6 43. bxa6 Kb6 44. a7 Kxa7 45. f4 exf4 46. Ke2 g4 47. h4 f3+
48. Ke3 f4+ 49. Kf2 Kb6 50. Kf1 g3 51. Kg1 f2+ 52. Kf1 Kc5 53. Kg2 Kd4 54. Kf1
Ke3 55. Kg2 Ke2 56. Kh1 f1=Q# 0-1

[Event "Druzynowe Mistrzostw Polski Juniorow - II Liga"]
[Site "Wroclaw"]
[Date "1899-12-30"]
[Round "8.66"]
[White "Kruszewska, Malgorzata"]
[Black "Pniewska, Beata"]
[Result "0-1"]
[WhiteTitle "II"]
[BlackTitle "I"]
[WhiteElo "1012"]
[BlackElo "1361"]

1. d4 d6 2. c4 e5 3. dxe5 dxe5 4. Qxd8+ Kxd8 5. Nc3 Be6 6. e4 Nd7 7. Nf3 f6 8.
Bd3 Nc5 9. Be2 c6 10. O-O Kc7 11. Rd1 a5 12. Be3 g5 13. h3 h5 14. Nh2 a4 15. f3
Nd7 16. g4 Bc5 17. Bxc5 Nxc5 18. Kg2 Ne7 19. Rd2 Ng6 20. Kg1 Nf4 21. Bf1 Rh7 22.
gxh5 Rxh5 23. Kf2 Nxh3+ 24. Ke3 Nf4 25. Ng4 Bxg4 26. fxg4 Rhh8 27. Rad1 Rh4 28.
Rd6 Rf8 29. Kf3 Nce6 30. Rd7+ Kc8 31. R7d2 Nd4+ 32. Kg3 a3 33. bxa3 Kc7 34. a4
Ra8 35. c5 Nfe6 36. Rc1 Kd7 37. Ne2 Rxa4 38. Nxd4 Nxd4 39. Bc4 Ra3+ 40. Bb3 Kc7
41. Rd3 Ne2+ 42. Kf3 Nxc1 43. Re3 Nxb3 44. axb3 Rh3+ 0-1

[Event "Druzynowe Mistrzostw Polski Juniorow - II Liga"]
[Site "Wroclaw"]
[Date "1899-12-30"]
[Round "8.67"]
[White "Kubica, Dominik"]
[Black "Dahche, Abdel-azziz"]
[Result "1/2-1/2"]
[WhiteTitle "I"]
[BlackTitle "I"]
[WhiteElo "1595"]
[BlackElo "1569"]

1. e4 d6 2. d4 Nf6 3. Nc3 Nbd7 4. f4 e5 5. dxe5 dxe5 6. f5 Bc5 7. Bg5 c6 8. Qd2
h6 9. Be3 Bxe3 10. Qxe3 Qb6 11. Qxb6 axb6 12. O-O-O b5 13. a3 Nb6 14. Bd3 Ke7
15. Nf3 Nfd7 16. g4 f6 17. h4 Nc5 18. g5 Bd7 19. gxf6+ gxf6 20. Rdg1 Rag8 21.
Rxg8 Rxg8 22. Rg1 Rxg1+ 23. Nxg1 Be8 24. Be2 Nc4 25. Nh3 Bf7 26. Nf2 Ne3 27. Bf3
Nf1 28. b3 Ng3 29. Kd2 Nf1+ 30. Ke1 Ne3 31. Kd2 Nf1+ 32. Ke1 Ne3 33. Kd2 Nf1+
34. Ke1 Ne3 35. Kd2 1/2-1/2

[Event "Druzynowe Mistrzostw Polski Juniorow - II Liga"]
[Site "Wroclaw"]
[Date "1899-12-30"]
[Round "8.68"]
[White "Sleczka, Krzysztof"]
[Black "Sputowski, Jakub"]
[Result "1/2-1/2"]
[WhiteTitle "II+"]
[BlackTitle "I"]
[WhiteElo "1443"]
[BlackElo "1677"]

1. e4 c5 2. Nf3 e6 3. d4 cxd4 4. Nxd4 Nf6 5. Nc3 Nc6 6. Ndb5 Bb4 7. a3 Bxc3+ 8.
Nxc3 d5 9. exd5 exd5 10. Bd3 O-O 11. O-O d4 12. Ne4 Bf5 13. Bg5 Bxe4 14. Bxe4
h6 15. Bxf6 Qxf6 16. Qd3 Rfe8 17. Rfe1 Re5 18. Bxc6 bxc6 19. Re4 Rae8 20. Rae1
Qf5 21. Rxe5 Rxe5 22. Rxe5 Qxe5 23. g3 Qd5 24. b4 Qe5 25. f4 Qd5 26. c3 dxc3 27.
Qxc3 Qb5 28. Qd4 Qb7 29. Qc5 Qd7 30. Qe3 Qd1+ 31. Kg2 Qc2+ 32. Kg1 Qd1+ 33. Kg2
Qc2+ 34. Kg1 Qd1+ 1/2-1/2

[Event "Druzynowe Mistrzostw Polski Juniorow - II Liga"]
[Site "Wroclaw"]
[Date "1899-12-30"]
[Round "8.69"]
[White "Dylong, Antoni"]
[Black "Uhryn, Mateusz"]
[Result "1-0"]
[WhiteTitle "I"]
[BlackTitle "I"]
[WhiteElo "1576"]
[BlackElo "1482"]

1. e4 c5 2. c3 d5 3. exd5 Qxd5 4. d4 cxd4 5. cxd4 Nc6 6. Nf3 e5 7. Nc3 Bb4 8. Bd2
Bxc3 9. Bxc3 e4 10. Ne5 Nxe5 11. dxe5 Ne7 12. Be2 Qxd1+ 13. Rxd1 Bd7 14. O-O a6
15. Rfe1 Be6 16. a3 Nd5 17. Rd4 Nxc3 18. bxc3 Rc8 19. Rc1 Rc5 20. Rxe4 Ke7 21.
Rb4 b5 22. f4 Rhc8 23. a4 Bc4 24. Bxc4 Rxc4 25. Rxc4 Rxc4 26. axb5 axb5 27. g3
b4 28. Kf2 bxc3 29. Ke3 Ke6 30. Kd3 Ra4 31. Rxc3 Ra2 32. Rc2 Ra3+ 33. Ke4 Ra4+
34. Kf3 h5 35. Rd2 Ra3+ 36. Ke4 Ra4+ 37. Kf3 Ra3+ 38. Kg2 g6 39. Kh3 Ra6 40. Kh4
f6 41. Rd6+ Rxd6 42. exd6 Kxd6 43. f5 gxf5 44. Kxh5 Ke5 45. Kg6 f4 46. gxf4+ Kxf4
47. h4 Kg4 48. h5 f5 49. h6 f4 50. h7 f3 51. h8=Q Kg3 52. Qh1 Kf2 53. Kf5 Ke2
54. Ke4 f2 55. Qf3+ 1-0

[Event "Druzynowe Mistrzostw Polski Juniorow - II Liga"]
[Site "Wroclaw"]
[Date "1899-12-30"]
[Round "8.70"]
[White "Nagly, Krzysztof"]
[Black "Nguyen, Doan Quoc Anh"]
[Result "1-0"]
[WhiteTitle "II"]
[BlackTitle "II"]
[WhiteElo "1265"]
[BlackElo "1293"]

1. e4 c5 2. Nf3 d6 3. c3 Nf6 4. h3 Nc6 5. d4 g6 6. Bf4 Bg7 7. d5 Nb8 8. Nbd2 Qb6
9. Nc4 Qd8 10. e5 dxe5 11. Bxe5 O-O 12. Ne3 Nbd7 13. Bh2 Re8 14. Be2 e6 15. c4
exd5 16. cxd5 Nb6 17. d6 Be6 18. O-O a6 19. Qc2 Rc8 20. Rfd1 h6 21. Rac1 Bf8 22.
Bc4 Nxc4 23. Nxc4 Bf5 24. Qb3 b5 25. Ne3 Be6 26. Qa3 Qb6 27. Qc3 Bg7 28. Qc2 Red8
29. Rd2 Bf8 30. Rcd1 Rc6 31. Qd3 Ne8 32. Ng4 Bxg4 33. hxg4 Bxd6 34. Ne5 Rcc8 35.
Qe3 Bxe5 36. Bxe5 g5 37. f4 Rxd2 38. Rxd2 f6 39. Bd6 Nxd6 40. Qe6+ Nf7 41. Qxb6
1-0

[Event "Druzynowe Mistrzostw Polski Juniorow - II Liga"]
[Site "Wroclaw"]
[Date "1899-12-30"]
[Round "8.71"]
[White "Kulpa, Karolina"]
[Black "Klintsevich, Aliaksandra"]
[Result "1-0"]
[WhiteTitle "I"]
[BlackTitle "I"]
[WhiteElo "1461"]
[BlackElo "1428"]

1. d4 d5 2. c4 e6 3. Nc3 Nf6 4. Nf3 c6 5. cxd5 exd5 6. Bg5 Be7 7. e3 O-O 8. Be2
Re8 9. O-O Bf5 10. h3 Nbd7 11. Bd3 Ne4 12. Bxe7 Qxe7 13. Bxe4 dxe4 14. Nd2 Qg5
15. Kh2 Re6 16. g4 Bg6 17. Rg1 Rf8 18. Ne2 Rf6 19. Nf4 Rxf4 20. exf4 Qxf4+ 21.
Kg2 f5 22. Qb3+ Kh8 23. Qe3 Qd6 24. gxf5 Bxf5 25. Nxe4 Qd5 26. f3 Re8 27. Rae1
Qe6 28. Qg5 h6 29. Qg3 Qxa2 30. Kh1 Qg8 31. Nd6 Rxe1 32. Rxe1 Be6 33. Qg6 Nf8
34. Qe8 Kh7 35. f4 Bxh3 36. Qe4+ Kh8 37. Kh2 Be6 38. f5 Bd7 39. Qe7 b6 40. f6
g6 41. Nf7+ Kh7 42. Ne5+ Kh8 43. Nxd7 Nxd7 44. Qxd7 Qb8+ 45. Kh3 1-0

[Event "Druzynowe Mistrzostw Polski Juniorow - II Liga"]
[Site "Wroclaw"]
[Date "1899-12-30"]
[Round "8.72"]
[White "Popczynska, Maja"]
[Black "Cichon, Julia"]
[Result "1/2-1/2"]
[WhiteTitle "I+"]
[BlackTitle "II+"]
[WhiteElo "1346"]
[BlackElo "1054"]

1. e4 c6 2. c4 d5 3. exd5 cxd5 4. cxd5 Nf6 5. Qa4+ Nbd7 6. Nc3 g6 7. d4 Bg7 8.
Be2 O-O 9. Bf3 Nb6 10. Qb3 Bg4 11. Bxg4 Nxg4 12. Nge2 Qd7 13. Bf4 Nf6 14. d6 exd6
15. O-O Rfe8 16. Rfe1 Rad8 17. Nb5 Nc8 18. Rac1 a6 19. Rc7 Qe6 20. Qxe6 Rxe6 21.
Na3 Nd5 22. Rcc1 Nxf4 23. Nxf4 Rxe1+ 24. Rxe1 Bxd4 25. b3 Nb6 26. Re7 Rd7 27.
Re8+ Kg7 28. Nc2 Rc7 29. Re2 Be5 30. Nd3 Rc3 31. Nce1 Bf6 32. g3 Nd5 33. Rd2 Rc6
34. Kf1 Bc3 35. Re2 Bxe1 36. Kxe1 Rc3 37. Kd2 Kf6 38. Nb4 Rc5 39. Nxd5+ Rxd5+
40. Kc3 h5 41. h3 Re5 42. Rd2 1/2-1/2

[Event "Druzynowe Mistrzostw Polski Juniorow - II Liga"]
[Site "Wroclaw"]
[Date "1899-12-30"]
[Round "8.73"]
[White "Maciaszek, Karol"]
[Black "Pitera, Michal"]
[Result "1-0"]
[WhiteTitle "I"]
[BlackTitle "I"]
[WhiteElo "1695"]
[BlackElo "1794"]

1. e4 c5 2. Nf3 g6 3. d4 cxd4 4. Qxd4 Nf6 5. e5 Nc6 6. Qa4 Nd5 7. Qe4 Nb6 8. Nc3
Bg7 9. Bf4 d5 10. exd6 Bf5 11. Qe3 O-O 12. dxe7 Nxe7 13. Qd2 Ned5 14. Be2 Re8
15. Kf1 Nxc3 16. bxc3 Nd5 17. Rd1 Nxc3 18. Re1 Nxa2 19. Bc4 Qxd2 20. Bxd2 Nc3
21. Ng5 Rxe1+ 22. Kxe1 Bxc2 23. Nxf7 Kf8 24. Ng5 b5 25. Ne6+ Kf7 26. Nxg7+ bxc4
27. Bxc3 Rd8 28. Ke2 Rd3 29. Ra1 Rd7 30. f4 Bb3 31. Ra6 Re7+ 32. Kf2 Bd1 33. Rf6+
Kxg7 34. Rd6+ Kf7 35. Rxd1 Rc7 36. Ra1 Ke6 37. Ke3 Rd7 38. Bd4 Rc7 39. Rxa7 Rc6
40. Ra5 Kd6 41. Kd2 h5 42. Kc3 1-0

[Event "Druzynowe Mistrzostw Polski Juniorow - II Liga"]
[Site "Wroclaw"]
[Date "1899-12-30"]
[Round "8.74"]
[White "Penar, Marcin"]
[Black "Kucharski, Sylwester"]
[Result "0-1"]
[WhiteTitle "II"]
[BlackTitle "I"]
[WhiteElo "1296"]
[BlackElo "1441"]

1. d4 g6 2. e4 Bg7 3. Nf3 d6 4. Nc3 Nd7 5. Be3 e6 6. Qd2 h6 7. g3 b6 8. O-O-O Bb7
9. d5 e5 10. Nh4 a6 11. Bh3 Ngf6 12. Ng2 b5 13. f4 Rb8 14. Qd3 O-O 15. g4 exf4
16. Nxf4 Ne5 17. Qe2 b4 18. Nb1 Re8 19. Nd2 Nh7 20. Bg2 Bc8 21. h3 a5 22. Nd3
Ba6 23. Bf1 a4 24. Qg2 Nxd3+ 25. Bxd3 Bxd3 26. cxd3 a3 27. b3 Qf6 28. d4 Qe7 29.
Rde1 Qd7 30. Bf2 Rbc8 31. Rhf1 c6 32. dxc6 Qxc6+ 33. Nc4 Qa6 34. h4 Rxc4+ 35.
bxc4 Qxc4+ 36. Kb1 Qd3+ 37. Ka1 Qc3+ 0-1